书目信息 |
| 题名: |
分析化学
|
|
| 作者: | 熊道陵 , 罗序燕 主编 | |
| 分册: | ||
| 出版信息: | 北京 冶金工业出版社 2022.01 |
|
| 页数: | 305页 | |
| 开本: | 26cm | |
| 丛书名: | ||
| 单 册: | ||
| 中图分类: | O65 | |
| 科图分类: | ||
| 主题词: | 分析化学--fen xi hua xue--高等教育--教材 | |
| 电子资源: | ||
| ISBN: | 978-7-5024-8992-2 | |
| 000 | 00873nam0 2200241 450 | |
| 001 | 011025153437 | |
| 005 | 20221025153437.0 | |
| 010 | @a978-7-5024-8992-2@dCNY56.00 | |
| 100 | @a20201004d2022 em y0chiy0120 ea | |
| 101 | 0 | @achi |
| 102 | @aCN@b110000 | |
| 105 | @ay z 000yy | |
| 106 | @ar | |
| 200 | 1 | @a分析化学@Afen xi hua xue@f熊道陵, 罗序燕主编 |
| 210 | @a北京@c冶金工业出版社@d2022.01 | |
| 215 | @a305页@d26cm | |
| 300 | @a普通高等教育“十四五”规划教材 | |
| 330 | @a本书共11章,内容包括:绪论、定量分析的一般步骤、误差及分析数据的统计处理、滴定分析、酸碱滴定法、配位滴定法、氧化还原滴定法、重量分析法和沉淀滴定法、电位分析法、吸光光度法、原子吸收光谱法等。 | |
| 606 | 0 | @a分析化学@Afen xi hua xue@x高等教育@j教材 |
| 690 | @aO65@v5 | |
| 701 | 0 | @a熊道陵@Axiong dao ling@4主编 |
| 701 | 0 | @a罗序燕@Aluo xu yan@4主编 |
| 905 | @a河南城建学院图书馆@dO65@eX636 | |
| 分析化学/熊道陵, 罗序燕主编.-北京:冶金工业出版社,2022.01 |
| 305页;26cm |
| 普通高等教育“十四五”规划教材 |
| ISBN 978-7-5024-8992-2:CNY56.00 |
| 本书共11章,内容包括:绪论、定量分析的一般步骤、误差及分析数据的统计处理、滴定分析、酸碱滴定法、配位滴定法、氧化还原滴定法、重量分析法和沉淀滴定法、电位分析法、吸光光度法、原子吸收光谱法等。 |
| ● |
| 相关链接 |
|
|
|
正题名:分析化学
索取号:O65/X636
 
预约/预借
| 序号 | 登录号 | 条形码 | 馆藏地/架位号 | 状态 | 备注 |
| 1 | 1588165 | 215881650 | 自科库401/401自科库 65排3列2层/ [索取号:O65/X636] | 在馆 | |
| 2 | 1588166 | 215881669 | 自科库401/401自科库 65排3列2层/ [索取号:O65/X636] | 在馆 |